000 00886nam a2200253Ia 4500
003 OSt
005 20220923212324.0
006 a|||||r|||| 00| 0
007 ta
008 220922b |||||||| |||| 00| 0 hin d
024 _a152,225
037 _cTextual
040 _aARTS
_cARTS
_bhin
041 _2hin
_ahin
082 _aDelta4:3, 152M0
100 _aसाहा, रणजीत कुमार
245 0 _aसहज सिद्ध साधना एवं सर्जना
246 _aSahaj siddha sādhanā evan sarjanā
260 _aदिल्ली
_b वाणी प्रकाशन
_c1980
300 _a236 पृ.
_ccm.
650 _aआध्यात्मिक अनुभव और रहस्यवाद
942 _hDelta4:3, 152M0
_cTEXL
_2CC
999 _c307874
_d307874